La Edad como factor de tratamientos desiguales en el trabajo

Bibliographic Details
Main Author: Aparicio Tovar, Joaqun̕
Other Authors: Olmo Gascn̤, Ana Marta
Format: Book
Language:Spanish
Published: Albacete : Bomarzo, 2007
Series:Estudios (Bomarzo)
Subjects:
Online Access:Acceso restringido

MARC

LEADER 00000nam a2200000 a 4500
005 20110830105356.0
008 071122s2007 sp |||||| 000 ||spa|c
020 |a 9788496721296 
035 |a 5711 
040 |d vLex 
090 |c 2295  |d 2295 
100 1 |a Aparicio Tovar, Joaqun̕ 
245 1 3 |a La Edad como factor de tratamientos desiguales en el trabajo   |c Joaqun̕ Aparicio Tovar, Ana Marta Olmo Gascn̤  |h [Recurso electrn̤ico] / 
256 |a Servicio en ln̕ea. 
260 |a Albacete :  |b Bomarzo,  |c 2007 
300 |a 252 p.;  |c 24 cm 
504 |a Referencias bibliogrf̀icas 
506 1 |a Contenido solo disponible en los productos indicados  |d vLex Global  |d vLex Global (Academic Edition, excluding Law Schools)  |d vLex Global (U.S. Academic Edition, Law Schools)  |d vLex Global (U.S. Academic Edition, excluding Law Schools)  |d vLex Global (Academic Edition, Law Schools) 
650 0 4 |a Discriminacin̤ por la edad 
650 0 4 |a Discriminacin̤ en el trabajo 
700 1 |a Olmo Gascn̤, Ana Marta 
740 0 |a vLex Libros (Servicio en ln̕ea) 
830 0 |a Estudios (Bomarzo) 
856 4 0 |u http://vlex.com/source/edad-factor-tratamientos-desiguales-trabajo-5711  |z Acceso restringido 
942 |c BOOK